| 000 | 00362nam a2200157Ia 4500 | ||
|---|---|---|---|
| 008 | 221030s9999 xx 000 0 und d | ||
| 020 | _a8124202095 | ||
| 041 | _aEnglish | ||
| 082 |
_a105.23 _bWad |
||
| 100 | _aK. Wade | ||
| 245 | 0 |
_aMacro - Economics _cby K. Wade |
|
| 260 |
_bCrest Pub _aDelhi _c2001 |
||
| 300 | _a151 | ||
| 650 | _aBE Economics | ||
| 942 | _cBK | ||
| 999 |
_c7386 _d7386 |
||